| 000 | 00775nam a2200229 i 4500 | ||
|---|---|---|---|
| 001 | 33837 | ||
| 003 | ES-MaACL | ||
| 005 | 20250927123249.0 | ||
| 007 | t| | ||
| 008 | 030203s1956 sp df |||| |bspa d | ||
| 100 | 1 |
_aBland, J. O. _929314 |
|
| 245 | 1 | 0 |
_aTse-Hsi _b: emperatriz regente (China de 1835 a 1909) / _cJ.O. Bland y E. Backhouse ; traducción de Marcela de Juan. |
| 260 |
_aMadrid : _bEspasa Calpe, _c1956. |
||
| 300 |
_a279 p., 15 lám. : _b1 gráf. pleg. ; _c23 cm. |
||
| 490 | 1 | _aGrandes biografías | |
| 600 | 1 | 4 |
_aTse-Hsi, Emperatriz de China. _9169442 |
| 651 | 4 |
_aChina- _xHistoria- _yS.XIX. _9159987 |
|
| 700 | 1 |
_aJuan, Marcela de, _d1905-1981 _967096 |
|
| 830 | 0 |
_aGrandes biografías _9181124 |
|
| 852 |
_aES-MaACL _jC-10242 |
||
| 999 |
_c33837 _d33837 |
||